A Budapesti Gellért Gyógyfürdő és a Hajdúszoboszlói Hungarospa Fürdőkomplexum összehasonlító elemzése

Bibliográfiai részletek
Szerző: Deli Alexandra Csilla
További közreműködők: Hefelle-Kiss Dr. Ferenc
Dokumentumtípus: Diplomadolgozat
Kulcsszavak:Gellért Fürdő
Hungarospa
Kérdőív
Mélyinterjú
Vendégforgalmi adatok
Online Access:http://dolgozattar.uni-bge.hu/10044

MARC

LEADER 00000nta a2200000 i 4500
001 dolg10044
005 20170829125230.0
008 170426suuuu hu om 000 hun d
040 |a BGE Dolgozattár Repozitórium  |b hun 
041 |a hu 
100 1 |a Deli Alexandra Csilla 
245 1 2 |a A Budapesti Gellért Gyógyfürdő és a Hajdúszoboszlói Hungarospa Fürdőkomplexum összehasonlító elemzése  |c Deli Alexandra Csilla  |h [elektronikus dokumentum] 
246 1 1 |a A Budapesti Gellért Gyógyfürdő és a Hajdúszoboszlói Hungarospa Fürdőkomplexum összehasonlító elemzése 
695 |a Gellért Fürdő 
695 |a Hungarospa 
695 |a Kérdőív 
695 |a Mélyinterjú 
695 |a Vendégforgalmi adatok 
700 1 |a Hefelle-Kiss Dr. Ferenc  |e ths 
856 4 0 |u http://dolgozattar.uni-bge.hu/10044/1/Deli%20Alexandra%20Csilla-%20Szakdolgozat%2C2017.pdf  |z Dokumentum-elérés